[Event "ESP-chT Premier North"]
[Site "Barcelona"]
[Date "2005.08.12"]
[Round "3"]
[White "Rise Font, Josep Maria"]
[Black "Ortiz Fernandez, Vega Alejandro"]
[Result "1-0"]
[WhiteElo "2084"]
[BlackElo "2142"]
[PlyCount "81"]
[EventDate "2005.08.01"]
[EventType "team"]
[EventRounds "6"]
[EventCountry "ESP"]
[SourceTitle "CBM 107 Extra"]
[Source "ChessBase"]
[SourceDate "2005.09.01"]
[SourceVersion "1"]
[SourceVersionDate "2005.09.01"]
[SourceQuality "1"]

1. d4 c5 2. d5 Nf6 3. c4 b5 4. cxb5 a6 5. b6 g6 6. Nc3 Bg7 7. e4 d6 8. a4 Qxb6 9. a5 Qb7 10. h3 0-0 11. Nf3 e6 12. Be2 exd5 13. exd5 Re8 14. 0-0 Nbd7 15. Re1 Qc7 16. Be3 Bb7 17. Qd2 Re7 18. Bc4 Rae8 19. Qd3 Nb8 20. Qd2 Nfd7 21. Bg5 Rxe1+ 22. Rxe1 Rxe1+ 23. Qxe1 Ne5 24. Nxe5 dxe5 25. Ne4 Nd7 26. Be7 Bf8 27. d6 Qc6 28. f3 Bh6 29. b3 Qc8 30. Qh4 Be3+ 31. Kh1 Bxe4 32. fxe4 Qc6 33. Qg4 Kg7 34. Qf3 Bf4 35. g3 Bd2 36. Qxf7+ Kh6 37. Bf8+ Nxf8 38. Qxf8+ Kg5 39. h4+ Kg4 40. Be2+ Kh3 41. Qf1+ 1-0